| 000 | 00725nam a2200169 a 4500 | ||
|---|---|---|---|
| 005 | 20210223120404.0 | ||
| 008 | 991125s1984 mx 000 0 spa u | ||
| 035 | _aUPN01000000005 | ||
| 049 | _aSEP | ||
| 050 | 4 |
_aLB1028.2 _bR4.6 1984 |
|
| 111 | 2 |
_aReunión de Homogeneización de los Sistemas Administrativos y Financieros de las Instituciones de Educación Superior de la Zona Centro _n(1a : _d1984 : _cPachuca, Hidalgo) |
|
| 245 | 1 | 0 | _a1a. Reunión de homogeneización de los sistemas administrativos y financieros de las instituciones de educación superior de la zona centro. |
| 260 |
_aPachuca : _bSEP : _bUAH, _c1984. |
||
| 300 | _a144 p. | ||
| 650 | 4 |
_aEDUCACION SUPERIOR - _xADMINISTRACION - _vCONGRESOS _919375 |
|
| 905 | _aLibro | ||
| 999 |
_c5 _d5 |
||